Loading...
Fine Arts - Classical Music | 6 | 21.67 | 100% | 67% | 50% |
Fine Arts - Other Fine Arts | 7 | 20.00 | 100% | 86% | 14% |
Fine Arts - Visual Fine Arts | 6 | 20.00 | 100% | 83% | 17% |
Geography/Current Events | 3 | 26.67 | 100% | 100% | 67% |
History - American History | 8 | 12.50 | 75% | 38% | 13% |
History - European History | 8 | 27.50 | 100% | 100% | 75% |
History - Other History | 5 | 24.00 | 100% | 80% | 60% |
History - World History | 9 | 21.11 | 100% | 89% | 22% |
Literature - American Literature | 10 | 15.00 | 90% | 50% | 10% |
Literature - British Literature | 7 | 17.14 | 100% | 57% | 14% |
Literature - European Literature | 7 | 17.14 | 100% | 29% | 43% |
Literature - World/Other Literature | 4 | 17.50 | 100% | 50% | 25% |
Mythology | 7 | 21.43 | 100% | 71% | 43% |
Other Academic | 3 | 20.00 | 100% | 100% | 0% |
Philosophy | 7 | 15.71 | 100% | 43% | 14% |
Pop Culture | 1 | 30.00 | 100% | 100% | 100% |
Religion | 7 | 18.57 | 100% | 71% | 14% |
Science - Biology | 6 | 16.67 | 100% | 33% | 33% |
Science - Chemistry | 5 | 24.00 | 100% | 100% | 40% |
Science - Other Science | 4 | 25.00 | 100% | 75% | 75% |
Science - Physics | 8 | 21.25 | 100% | 75% | 38% |
Social Science | 8 | 15.00 | 100% | 50% | 0% |
World/Other Literature> | 1 | 20.00 | 100% | 100% | 0% |